| 000 | 00592nam a2200205Ia 4500 | ||
|---|---|---|---|
| 005 | 20250508162835.0 | ||
| 008 | 008 250505s9999 xx 000 0 eng d | ||
| 020 | _a0 19 563269 9 | ||
| 037 | _aTextual | ||
| 040 |
_aFEDL _beng _cFEDL |
||
| 041 |
_aeng _2eng |
||
| 084 |
_a305.4, JEF _qFEDL |
||
| 100 | _aJeffrey Robin | ||
| 245 | 0 | _aPolitics, women and well being : How kerala became 'A Model' | |
| 260 |
_aDelhi, India _bOxford University Press _c1993 |
||
| 300 | _axiv,285p. | ||
| 650 | _aSocial Structure | ||
| 942 |
_cTEXL _h305.4, JEF |
||
| 999 |
_c1378991 _d1378991 |
||